History by Countries #1 - Statistics

General Stats
  • This quiz has been taken 162 times
  • The average score is 17 of 30
Answer Stats
Hint Answer % Correct
What city was taken from the Chinese, by the British? Hong Kong
86%
Who started the "Great Leap Forward"? Mao Zedong
83%
What country conquered about half of Mexico in the early 1800s? United States
81%
Who led Spain during World War II? Francisco Franco
78%
What modern city was built on Tenochtitlan? Mexico City
76%
What was the Sun God of Ancient Egypt? Ra
75%
What country was annexed in 1950? Tibet
72%
Who voted to secede from Spain in 2017? Catalonia
71%
What Empire Conquered Egypt in 1517? Ottoman Empire
71%
What ancient civilization died out around 1800 BC? Maya
70%
What was invented around 700 AD? Gunpowder
69%
What was the name for the Muslim Group who Controlled Spain? Moors
68%
What event led to the overthrow of many governments in North Africa in 2010? Arab Spring
65%
What association did Turkey join in 1952? NATO
63%
What was the name for France under Roman Rule? Gaul
62%
Which war resulted in the collapse of the Ottoman Empire? World War I
62%
Who led the Spanish conquest of the Aztec? Hernan Cortes
59%
Who supposedly said the words "Let Them Eat Cake"? Marie Antoinette
57%
Who was born on Corsica in 1769? Napoleon
55%
What Frenchman was the first Holy Roman Emperor? Charlemagne
49%
What was the last dynasty? Qing Dynasty
49%
What was found in Egypt in 1798 by Napoleon's Army? Rosetta Stone
48%
What country's capital was located in modern Turkey in the 300s? Roman Empire
46%
What was the name for the telegraph meant to convince Mexico to attack the U.S? Zimmerman Telegraph
45%
What Wonder of the World was built on Egypt's North Coast? Lighthouse of Alexandria
43%
What was the name for France after the North was conquered by Nazi Germany? {Vichy} France
42%
From which country did the Romans take Spain from? Carthage
25%
What ended in 1492? Reconquista
20%
What group of people conquered the Byzantines? {Seljuk} Turks
17%
What event led to the form of the Latin Empire which contained Modern Istanbul? Fourth Crusade
8%
No matching quizzes found
Score Distribution
Percent of People with Each Score
Percentile by Number Answered
Your Score History
You have not taken this quiz